000 00490nam a2200193Ia 4500
001 26401
003 IN-NITTTR
005 20251114233332.0
008 251113s9999||||xx |||||||||||||| ||eng||
040 _beng
040 _cIN-NITTTR
041 _aeng
082 _a005.3042 E 75 I
100 _aEtter, Delores M
245 0 _aIntroduction to MATLAB 6 /
_cEtter, Delores M, Kuncicky, David C, Hull, Doug
700 _a Hull, Doug
700 _a Kuncicky, David C
942 _2ddc
_cBK
999 _c29030
_d29030